00589nam a2200193 a 450000500170000000800410001701000140005802000220007202000250009403500130011903700150013204000180014708200140016510000170017924500750019626000400027127000600031130000240037120060818091510.0050907s2005 ii av 000 0 eng  aENG-93243 c55.00a8177355597 c55.00a9788177355598 aEN-76776 bDBAD / PUB adplbEnglish  a342.54085 aGomathi, G.  aConstitutional remedies for minority people in India /cby G. Gomathi  aChennai bPavai Publications c2008 a142, Jani Jan Khan Road, Royapettah, bChennai e600014 a106p.c20 cm (pbk)